<?xml version="1.0" encoding="UTF-8"?>
<marc:record xmlns:marc="http://www.loc.gov/MARC21/slim">
   <marc:leader>00000nam a2200000 a 4500</marc:leader>
   <marc:datafield ind1="1" ind2=" " tag="100">
      <marc:subfield code="a">Beikircher, Konrad</marc:subfield>
      <marc:subfield code="4">aut</marc:subfield>
      <marc:subfield code="e">Verfasser/-in</marc:subfield>
   </marc:datafield>
   <marc:datafield ind1=" " ind2=" " tag="653">
      <marc:subfield code="a">CD</marc:subfield>
   </marc:datafield>
   <marc:datafield ind1="0" ind2="0" tag="245">
      <marc:subfield code="a">Als Strohhalme noch aus Stroh waren</marc:subfield>
   </marc:datafield>
   <marc:datafield ind1="0" ind2="0" tag="245">
      <marc:subfield code="b">Eine Kindheit in Südtirol</marc:subfield>
   </marc:datafield>
   <marc:datafield ind1=" " ind2="1" tag="264">
      <marc:subfield code="b">Tacheles!</marc:subfield>
      <marc:subfield code="c">2012</marc:subfield>
   </marc:datafield>
   <marc:datafield ind1="1" ind2=" " tag="520">
      <marc:subfield code="a">Als Strohhalme noch aus Stroh waren, als im Sommer die Sonne richtig brannte und im klirrend kalten Winter die Vögel erfroren vom Himmel fielen: Der vielseitige Künstler und Autor Konrad Beikircher erzählt Kindheitsgeschichten aus seiner fast schon mediterranen Heimat Südtirol, die auch davon berichten, was Kindsein in den fünfziger Jahren bedeutete – einer abenteuerlichen Zeit, in der das Wünschen noch geholfen hat. </marc:subfield>
   </marc:datafield>
   <marc:datafield ind1=" " ind2=" " tag="020">
      <marc:subfield code="a">9783864842917</marc:subfield>
      <marc:subfield code="9">9783864842917</marc:subfield>
   </marc:datafield>
</marc:record>
